00864nam a2200217 a 450000100100000000500170001000800410002704000250006808200130009310000340010624500820014026000670022230000280028949000280031750000810034570000290042670000280045583000350048395201110051899900170062900004234720201002040108.0131127s1975 ve 000 0 spa d aDO-SdBNPbspacBNPHU axxxbxxx1 aRangel, José Vicente96941313aEl año chucuto /cJosé Vicente Rangel, Teodoro Petkoffm, Germán Lairet. aCaracas :b[Distribución, Publicaciones Españolas],c1975. a225 p. :bil. ;c18 cm.1 aParlamento y socialismo aIncluye datos biográficos de los autores en la solapa de la contracubierta12aPetkoffm, Teodoro96941412aLairet, Germán969415 0aParlamento y socialismo969416 001050718MOaGRbGRcCTd2013-11-27iLF1l0oxxx xxxp42347-10r2020-06-25w2020-06-25y1ZNo se presta c41836d41836